[Event "URS-ch Club Pavlodar"]
[Site "Pavlodar"]
[Date "1991.??.??"]
[Round "?"]
[White "Karpeshov, Oleg"]
[Black "Totsky, Leonid"]
[Result "0-1"]
[WhiteElo "2295"]
[BlackElo "2300"]

1.Nf3 Nf6 2.c4 c5 3.Nc3 e6 4.g3 b6 5.Bg2 Bb7 6.O-O Be7 7.Re1 d5 8.cxd5 Nxd5
9.e4 Nxc3 10.bxc3 Nc6 11.d4 O-O 12.d5 Na5 13.Bf4 exd5 14.exd5 Bd6 15.Bg5 Qd7
16.Qd3 h6 17.Be3 Rad8 18.Rad1 Rfe8 19.Nh4 Bf8 20.Nf5 Re5 21.g4 Qa4 22.f4 Rexd5
23.Bxd5 Rxd5 24.Qe2 Rxf5 25.gxf5 Qe4 26.Kf1 Nc4 27.Bg1 Qxf4+ 28.Qf2 Qg4 29.Qg3 Qxf5+
30.Bf2 Qc8 31.Qh4 Nd6 32.Bg3 Qc6 33.Re3 Nf5 34.Qf4 Nxe3+ 35.Qxe3 g6  0-1

[Event "Ptuj"]
[Site "Ptuj"]
[Date "1991.??.??"]
[Round "2"]
[White "Sher, Miron N"]
[Black "Rajkovic, Dusan"]
[Result "1-0"]
[WhiteElo "2450"]
[BlackElo "2495"]

1.c4 Nf6 2.Nc3 c5 3.Nf3 b6 4.d4 cxd4 5.Nxd4 Bb7 6.f3 d6 7.e4 e6 8.Be3 a6
9.Be2 Nbd7 10.O-O Be7 11.a4 O-O 12.a5 Qc7 13.Nb3 Rab8 14.Qd2 Rfe8 15.Rfc1 bxa5
16.Nxa5 Ba8 17.Na4 Nc5 18.Bf1 h6 19.Nc3 Nh7 20.b4 Nd7 21.Nd5 Qd8 22.Nxe7+ Qxe7
23.c5 dxc5 24.bxc5 Ne5 25.Qc3 Nc6 26.Nxc6 Bxc6 27.Rxa6 Rec8 28.Rb6 Qa7 29.Bd4 f6
30.Ba6 Bb7 31.Bc4 Rc6 32.Ra1  1-0

[Event "Ptuj"]
[Site "Ptuj"]
[Date "1991.??.??"]
[Round "3"]
[White "Polajzer, Danilo"]
[Black "Dizdarevic, Emir"]
[Result "0-1"]
[WhiteElo "2370"]
[BlackElo "2505"]

1.Nf3 c5 2.c4 Nf6 3.Nc3 e6 4.g3 Be7 5.Bg2 O-O 6.O-O a6 7.b3 d6 8.Bb2 Nbd7
9.d4 cxd4 10.Qxd4 Qc7 11.Rfd1 Rd8 12.Rac1 b6 13.Nh4 Bb7 14.Nd5 exd5 15.cxd5 Qb8
16.Nf5 Bf8 17.Qh4 Re8 18.Qg5 Kh8 19.Rc4 Rxe2 20.Ba1 Qe8 21.Rg4 Re1+ 22.Bf1 Rxd1
23.Bxf6 Nxf6  0-1

[Event "Ptuj"]
[Site "Ptuj"]
[Date "1991.??.??"]
[Round "4"]
[White "Zlatilov, Ivailo"]
[Black "Kolar, Srecko"]
[Result "1/2-1/2"]
[WhiteElo "2365"]
[BlackElo "2335"]

1.Nf3 c5 2.c4 Nf6 3.Nc3 b6 4.e4 Bb7 5.d3 d6 6.g3 g6 7.Bg2 Bg7 8.O-O O-O 9.Ne1 Ne8
10.Be3 Nc6 11.Qd2 Nd4 12.Rd1 Rb8 13.Nc2 a6 14.b3 Nc7 15.Ne2 Nxe2+ 16.Qxe2 e5
17.b4 Ne6 18.Rb1 f5 19.f3 Bc6 20.Bf2 f4 21.g4 Bf6 22.Kh1 Bh4 23.Bg1 Rb7 24.Rb2 Ba4
25.Rfb1 Qc7 26.Qd2 Rbb8 27.Na1 Bd7 28.Nb3 Ba4 29.Nc1 Bd7 30.Ne2 Nd4 31.Nc3 Be6
32.a4 Qd8 33.bxc5 dxc5 34.a5 b5 35.cxb5 Qxa5 36.bxa6 Rxb2 37.Rxb2 Qxa6 38.Nd5  1/2-1/2

[Event "Ptuj"]
[Site "Ptuj"]
[Date "1991.??.??"]
[Round "6"]
[White "Sher, Miron N"]
[Black "Dizdarevic, Emir"]
[Result "1/2-1/2"]
[WhiteElo "2450"]
[BlackElo "2505"]

1.c4 c5 2.Nf3 Nf6 3.Nc3 e6 4.e3 d6 5.d4 Nbd7 6.d5 exd5 7.cxd5 g6 8.e4 Bg7
9.Bd3 O-O 10.h3 Re8 11.O-O c4 12.Bc2 Nc5 13.Re1 b5 14.a3  1/2-1/2

[Event "Pyskowice op"]
[Site "Pyskovice"]
[Date "1991.??.??"]
[Round "?"]
[White "Kazek, Krzysztof"]
[Black "Widera, Jan"]
[Result "1-0"]
[WhiteElo "2245"]
[BlackElo "2220"]

1.Nf3 Nf6 2.c4 g6 3.Nc3 c5 4.d4 cxd4 5.Nxd4 Bg7 6.g3 Nc6 7.Bg2 O-O 8.O-O Qb6
9.Nb3 d6 10.Be3 Qd8 11.c5 Ng4 12.Bf4 e5 13.Bd2 dxc5 14.Nxc5 Qb6 15.N5a4 Qd8
16.e4 b6 17.Nd5 Nf6 18.Bg5 h6 19.Nxf6+ Bxf6 20.Bxh6 Bg7 21.Qxd8 Rxd8 22.Bxg7 Kxg7
23.Rfd1 Nd4 24.f3 Ba6 25.Nc3 Rac8 26.Kf2 Rc6 27.Bf1 b5 28.Rac1 Rf6 29.Bg2 Rfd6
30.Nd5 Bb7 31.Ne3 Bc8 32.Rc5 f6 33.Rc7+ R6d7 34.Rdc1 Rxc7 35.Rxc7+ Kh6 36.Rxa7 Be6
37.Rc7 Bxa2  1-0

[Event "Reggio Emilia91 Top15"]
[Site "Reggio Emilia"]
[Date "1991.??.??"]
[Round "?"]
[White "Epishin, Vladimir"]
[Black "Beliavsky, Alexander G"]
[Result "1-0"]
[WhiteElo "2620"]
[BlackElo "2640"]

1.c4 Nf6 2.Nc3 e6 3.Nf3 c5 4.g3 b6 5.Bg2 Bb7 6.O-O Be7 7.d4 cxd4 8.Qxd4 d6
9.b3 O-O 10.Rd1 Nbd7 11.Ba3 Nc5 12.Qe3 Rc8 13.Rac1 a6 14.h3 Qc7 15.Nd4 Rfe8
16.Bxb7 Qxb7 17.Bb2 Nfe4 18.Nxe4 Nxe4 19.Qf3 Bf6 20.Ba1 Rc7 21.Nc2 Bxa1 22.Rxa1 b5
23.Ne3 bxc4 24.bxc4 Qc6 25.Rd3 Nc5 26.Rd2 Qxf3 27.exf3 Rc6 28.Rb1 Kf8 29.Nc2 Nd7
30.f4 Ke7 31.Ne3 g6 32.Rb7 Rec8 33.Ra7 R8c7 34.Ra8 Rb7 35.Re2 Nb8 36.f5 gxf5
37.Nxf5+ Kd7 38.Ne3 Kc8 39.Kg2 Rcc7 40.Rd2 Rd7 41.Ng4 f5 42.Nf6 Rd8 43.Re2 e5
44.Nd5 Kd7 45.f4 e4 46.g4 Rc8 47.Ne3 fxg4 48.hxg4 Kc6 49.Rd2 Rg7 50.Rb2 Rb7
51.Rd2 Rf7 52.Rb2 Rb7 53.Rd2 Rf7 54.Nf5 h5 55.Rb2 hxg4 56.Nd4+ Kc5 57.Ne6+ Kc6
58.Raxb8 Rxb8 59.Rxb8 Rf6 60.f5 d5 61.Rc8+ Kb7 62.Rc7+ Kb8 63.Rc5 Rxf5  1-0

[Event "San Sebastian op"]
[Site "San Sebastian"]
[Date "1991.??.??"]
[Round "9"]
[White "Urday, Henry"]
[Black "Zelcic, Robert"]
[Result "1/2-1/2"]
[WhiteElo "2480"]
[BlackElo "2415"]

1.c4 Nf6 2.Nc3 e6 3.Nf3 c5 4.e3 Nc6 5.d4 d5 6.a3 a6 7.dxc5 Bxc5 8.b4 Ba7
9.Bb2 O-O 10.Qc2 Qc7 11.cxd5 exd5 12.Rd1 d4 13.Nxd4 Nxd4 14.exd4 Bg4 15.f3 Rfe8+
16.Be2 Nd5 17.fxg4 Ne3 18.Qd3 Rad8 19.Ne4 Nxg2+ 20.Kf2 Nf4 21.Qc4 Qe7 22.Bf3 Qh4+
23.Ng3 Nh3+ 24.Kf1 Bb8 25.Kg2 Nf4+ 26.Kf1 Re3 27.Kf2 Rde8 28.Bc1 Nh3+ 29.Kg2 Nf4+
30.Kf2 Nh3+  1/2-1/2

[Event "Schellenberg op"]
[Site "Schellenberg"]
[Date "1991.??.??"]
[Round "8"]
[White "Espig, Lutz"]
[Black "Grooten, Herman"]
[Result "1/2-1/2"]
[WhiteElo "2440"]
[BlackElo "2445"]

1.Nf3 Nf6 2.c4 c5 3.Nc3 b6 4.g3 Bb7 5.Bg2 g6 6.b3 Bg7 7.Bb2 O-O 8.O-O Na6
9.Rc1 Re8 10.d3 e6 11.e3 d5 12.Ne5 Nd7 13.Nxd7 Qxd7 14.cxd5 exd5 15.d4 Rad8
16.Na4 c4 17.bxc4 dxc4 18.Bxb7 Qxb7 19.Ba3 Qd5 20.Nc3 Qa5 21.Qa4 Qxa4 22.Nxa4 b5
23.Nc5 Nxc5 24.Bxc5 Bf8 25.Bxf8 Kxf8 26.Rc3 Rb8 27.Rb1 Rec8 28.Ra3 Rc7 29.Kg2 Ke7
30.Kf3 Rb6 31.Ke2 b4 32.Ra4 Rcb7 33.Kd2 Rb5 34.Ra6 R5b6 35.Ra4 Rb5 36.Ra6 Rc7
37.Kc2 Kd7 38.a3 b3+ 39.Kc3 Rb6 40.Ra5 Rf6 41.Rb2 Rfc6 42.h4 f5 43.a4 a6
44.Re5 Kd6 45.Re8 Rb6 46.Re5 Rbc6 47.Rd2 Re7 48.a5 Re8 49.Rb2 Re7 50.Re2 Re8
51.Re1 Re7 52.Rb1  1/2-1/2

[Event "SCO-ch"]
[Site "SCO"]
[Date "1991.??.??"]
[Round "8"]
[White "Muir, Andrew J"]
[Black "Grant, Jonathan"]
[Result "1/2-1/2"]
[WhiteElo "2425"]
[BlackElo "2215"]

1.c4 Nf6 2.Nc3 c5 3.Nf3 e6 4.e3 d5 5.d4 cxd4 6.exd4 Bb4 7.Bd3 dxc4 8.Bxc4 O-O
9.O-O b6 10.Bg5 Bb7 11.Rc1 Nbd7 12.a3 Bxc3 13.Rxc3 Rc8 14.Qe2 Qe8 15.Bd3 Rxc3
16.bxc3 Qa8 17.Rc1 Bxf3 18.Qxf3 Qxf3 19.gxf3 h6 20.Bd2 Rd8 21.Be3 Nb8 22.Bb5 a6
23.Be2 Nd5 24.c4 Ne7 25.d5 exd5 26.Bxb6 Rc8 27.Be3 a5 28.a4 Nd7 29.cxd5 Rxc1+
30.Bxc1 Nxd5 31.Bd2 Nc5 32.Bb5 Nb3 33.Be1 Nb6 34.Bc3 f6 35.Kf1 Kf7 36.Ke2 Ke6
37.Be8 Ke7 38.Bb5 Kd6 39.Kd3 Nd5 40.Bb2 Nb6 41.Kc2 Nc5 42.Bc3 Nbxa4 43.Bxa5 Ke5
44.Bc7+ Kf5 45.Bd6  1/2-1/2

[Event "SLO-ch"]
[Site "SLO"]
[Date "1991.??.??"]
[Round "?"]
[White "Osterman, Rudolf"]
[Black "Orel, Oskar"]
[Result "1-0"]
[WhiteElo "2370"]
[BlackElo "2320"]

1.c4 Nf6 2.Nf3 g6 3.Nc3 c5 4.e4 Nc6 5.d4 cxd4 6.Nxd4 Bg7 7.Be3 O-O 8.Be2 d6
9.O-O Bd7 10.Qd2 Ng4 11.Bxg4 Bxg4 12.f3 Nxd4 13.Bxd4 Bxd4+ 14.Qxd4 Be6 15.b3 a6
16.f4 Bd7 17.f5 Bc6 18.Rf3 Qa5 19.Nd5 Bxd5 20.exd5 Qc5 21.Qxc5 dxc5 22.Re1 Rfe8
23.f6 e6 24.Rfe3 Rad8 25.dxe6 Rxe6 26.Rxe6 fxe6 27.Rxe6 Rd7 28.h4 Kf7 29.Rb6 h6
30.Kh2 Rc7 31.g4 g5 32.h5 Rc6 33.Rxb7+ Kxf6 34.Kg3 Rd6 35.Kf3 Rd3+ 36.Kf2 Ke5
37.Rb6 Kf4 38.Rxa6 Rd2+ 39.Ke1 Rb2 40.Rxh6 Kxg4 41.Rh8 Rxa2 42.h6 Kh5 43.h7 Kg6
44.Rg8+ Kxh7 45.Rxg5 Rb2 46.Rg3 Kh6 47.Kd1 Kh5 48.Kc1 Rf2 49.Rg8 Kh6 50.Rc8 Rf5
51.Kb2 Kg5 52.Ka3 Kf4 53.Re8 Rf7 54.Ka4 Rb7 55.Re6 Kf5 56.Rc6 Ke5 57.Rxc5+ Kd4
58.Rb5  1-0

[Event "Belavenets mem op"]
[Site "Smolensk"]
[Date "1991.??.??"]
[Round "?"]
[White "Novik, Maxim"]
[Black "Chudinovskih, Alexander"]
[Result "1/2-1/2"]
[WhiteElo "2405"]
[BlackElo "2315"]

1.Nf3 Nf6 2.c4 c5 3.Nc3 g6 4.d4 cxd4 5.Nxd4 Nc6 6.e4 Nxd4 7.Qxd4 d6 8.Be3 Bg7
9.Be2 O-O 10.Qd2 Be6 11.Rc1 Qa5 12.f3 Rfc8 13.b3 a6 14.a4 Kf8 15.Nd5 Qxd2+
16.Kxd2 Nxd5 17.exd5 Bd7 18.f4 e6 19.dxe6 fxe6 20.Bf3 Bc6 21.Ke2 Ke7 22.Rhd1 Bxf3+
23.Kxf3 Rc6 24.Rd3 Rb8 25.Rcd1 b5 26.cxb5 axb5 27.a5 d5 28.b4 Rc4 29.Bc5+ Kd7
30.a6 Ra8 31.Ra3 Bf8 32.Bxf8 Rxf8 33.a7 Ra8 34.Rb1 Rc7 35.Rba1 Rc4 36.Rb1 Rc7
37.Rba1 Rc4 38.Rb1  1/2-1/2

[Event "Belavenets mem op"]
[Site "Smolensk"]
[Date "1991.??.??"]
[Round "?"]
[White "Cherniak, L."]
[Black "Totsky, Leonid"]
[Result "1-0"]
[WhiteElo "2420"]
[BlackElo "2440"]

1.Nf3 Nf6 2.c4 c5 3.Nc3 e6 4.g3 b6 5.Bg2 Bb7 6.O-O Be7 7.d4 cxd4 8.Qxd4 d6
9.b3 O-O 10.Rd1 Nbd7 11.e4 Qb8 12.Ba3 Nc5 13.e5 dxe5 14.Qxe5 Qc8 15.Qe3 Re8
16.Nb5 Nfe4 17.Nd2 Nf6 18.Bxb7 Qxb7 19.Qf3 Qc8 20.Nc3 Qc7 21.Nb5 Qc8 22.Nf1 Nce4
23.Bxe7 Rxe7 24.Nd6 Nxd6 25.Rxd6 Qb7 26.Nd2 Rd7 27.Rxd7 Qxf3 28.Nxf3 Nxd7
29.Rd1 Nf6 30.Ne5 Kf8 31.Nd7+ Ke7 32.Nxf6 gxf6 33.Kf1 e5 34.Ke2 h5 35.Rd5 Ke6
36.a4 h4 37.gxh4 Rh8 38.a5 e4 39.axb6 axb6 40.Rb5 f5 41.Rxb6+ Ke5 42.Rb5+ Kf4
43.c5 Ke5 44.c6+ Kd6 45.Rxf5 Kxc6 46.h5 Kd6 47.b4 Ke6 48.Rc5 Rb8 49.h6 Kf6
50.b5 Kg6 51.Rc6+ f6 52.b6 Kxh6 53.Ke3 Kg5 54.Kxe4 f5+ 55.Kf3 Rb7 56.Kg3 f4+
57.Kf3 Rh7 58.Rc5+  1-0

[Event "Belavenets mem op"]
[Site "Smolensk"]
[Date "1991.??.??"]
[Round "?"]
[White "Arbakov, Valentin"]
[Black "Brodsky, Michail"]
[Result "0-1"]
[WhiteElo "2450"]
[BlackElo "2310"]

1.c4 Nf6 2.Nc3 c5 3.Nf3 e6 4.g3 b6 5.Bg2 Bb7 6.O-O Be7 7.d4 cxd4 8.Qxd4 d6
9.b3 Nbd7 10.Bb2 a6 11.e4 O-O 12.Rfd1 Qc7 13.Rac1 Rac8 14.Qe3 Rfe8 15.Nd4 Qb8
16.Re1 Bf8 17.Qd2 Qa8 18.f3 Qb8 19.Qe2 g6 20.Rcd1 Bg7 21.Nc2 Red8 22.Ne3 Bc6
23.Bf1 h5 24.Ba1 Ne5 25.f4 Ned7 26.Nc2 Bb7 27.h3 Nc5 28.Bg2 Ba8 29.Nb4 Qc7
30.Qf2 Bb7 31.Re2 Qb8 32.Qe3 Re8 33.Nd3 Nxd3 34.Qxd3 Red8 35.Red2 Ne8 36.Qe3 Bc6
37.a4 Kh7 38.g4 hxg4 39.hxg4 Kg8 40.g5 b5 41.cxb5 axb5 42.a5 b4 43.Ne2 Qa8
44.Bxg7 Nxg7 45.Ra1 e5 46.fxe5 dxe5 47.Rxd8+ Rxd8 48.a6 Ne6 49.a7 Qb7 50.Ra5 Qc7
51.Ra6 Ba8 52.Qb6 Qe7 53.Qb8 Qxg5 54.Rd6 Rf8 55.Qxb4 Qe3+ 56.Kf1 Qxa7 57.Qb6 Qa1+
58.Kf2 Qb2 59.Ke3 Kg7 60.Bf3 Rc8 61.Qb5  0-1

[Event "Rilton Cup"]
[Site "Stockholm"]
[Date "1991.??.??"]
[Round "4"]
[White "Akesson, Ralf"]
[Black "Astrom, Goran"]
[Result "1-0"]
[WhiteElo "2440"]
[BlackElo "2325"]

1.Nf3 c5 2.c4 Nf6 3.Nc3 e6 4.g3 b6 5.Bg2 Bb7 6.O-O Be7 7.Re1 d5 8.cxd5 Nxd5
9.e4 Nb4 10.d4 cxd4 11.Nxd4 O-O 12.a3 N8c6 13.Nxe6 fxe6 14.axb4 Nxb4 15.Qb3 Bc5
16.Be3 Qe7 17.Bxc5 Qxc5 18.Re2 Kh8 19.Qxe6 Nd3 20.Nd1 a5 21.Rd2 Ne1 22.Nc3 Nxg2
23.Kxg2 Rae8 24.Qg4 Qb4 25.Re1 Re7 26.h4 a4 27.Re3 Rfe8 28.f3 a3 29.bxa3 Qxa3
30.Nd5 Qc1 31.Red3 Bxd5 32.Rxd5 h6 33.Qg6 Re6 34.Qf7 R6e7 35.Qf5 Qc3 36.Rd8 Qc6
37.Qd5 Qxd5 38.Rxe8+ Rxe8 39.Rxd5 Rb8 40.Rb5 Kg8 41.f4 Kf7 42.Kf3 Ke6 43.e5 h5
44.g4 hxg4+ 45.Kxg4 Kd7 46.Kg5 Kc6 47.Rb1 b5 48.Kg6 Rb7 49.f5 Kd5 50.f6 gxf6
51.exf6  1-0

[Event "Rilton Cup"]
[Site "Stockholm"]
[Date "1991.??.??"]
[Round "6"]
[White "Petursson, Margeir"]
[Black "Akesson, Ralf"]
[Result "1-0"]
[WhiteElo "2515"]
[BlackElo "2440"]

1.c4 e6 2.Nc3 c5 3.Nf3 Nf6 4.g3 b6 5.Bg2 Bb7 6.O-O Be7 7.d4 cxd4 8.Qxd4 d6
9.b3 Nbd7 10.Nb5 Nc5 11.Rd1 Nfe4 12.Qxg7 Bf6 13.Qh6 Bxa1 14.Ng5 Be5 15.f4 Bf6
16.Nxe4 Bxe4 17.b4 Bxg2 18.bxc5 Be4 19.Nxd6+ Ke7 20.c6 b5 21.c7 Qxc7 22.Nxe4  1-0

[Event "Rilton Cup"]
[Site "Stockholm"]
[Date "1991.??.??"]
[Round "9"]
[White "Akesson, Ralf"]
[Black "Brynell, Stellan"]
[Result "1/2-1/2"]
[WhiteElo "2440"]
[BlackElo "2410"]

1.Nf3 Nf6 2.c4 c5 3.Nc3 e6 4.g3 b6 5.Bg2 Bb7 6.O-O Nc6 7.e4 d6 8.d4 cxd4
9.Nxd4 Nxd4 10.Qxd4 Be7 11.Be3 O-O 12.h3 Qb8 13.Rfd1 Rd8 14.Qd3 Nd7 15.Qe2 a6
16.Rac1 Qc7 17.b3  1/2-1/2

[Event "Struga"]
[Site "Struga"]
[Date "1991.??.??"]
[Round "9"]
[White "Sofrevski, Jovan"]
[Black "Stanojoski, Zvonko"]
[Result "1-0"]
[WhiteElo "2415"]
[BlackElo "2370"]

1.c4 Nf6 2.Nc3 c5 3.Nf3 g6 4.e4 Nc6 5.d4 cxd4 6.Nxd4 Nxd4 7.Qxd4 d6 8.Bg5 Bg7
9.Be2 O-O 10.Qe3 Be6 11.O-O Qa5 12.Rac1 Rfc8 13.b3 a6 14.f4 Qc5 15.Qxc5 Rxc5
16.Bf3 Rb8 17.e5 dxe5 18.fxe5 Ne8 19.Bxe7 Rxe5 20.Bh4 Ra5 21.Bg3 Be5 22.b4 Bxg3
23.bxa5 Bc7 24.Bd5 Ng7 25.Rb1 Bxa5 26.Ne4 Bxd5 27.Nf6+ Kh8 28.cxd5 b5 29.Nd7 Rd8
30.Ne5 f5 31.Nf7+ Kg8 32.Nxd8 Bxd8 33.Rbc1 Kf7 34.Rfe1 Ne8 35.Rc6 Nf6 36.Rxa6 Nxd5
37.Rd1 Nc7 38.Ra7 Ke8 39.Rb7 Ke7 40.Kf2 g5 41.Rb8 Ne8 42.Rxb5 Bc7 43.h3 Kf6
44.a4 g4 45.hxg4 fxg4 46.a5 g3+ 47.Kf3  1-0

[Event "Struga"]
[Site "Struga"]
[Date "1991.??.??"]
[Round "12"]
[White "Sofrevski, Jovan"]
[Black "Kocovski, Ivan"]
[Result "1/2-1/2"]
[WhiteElo "2415"]
[BlackElo "2325"]

1.c4 Nf6 2.Nc3 c5 3.Nf3 e6 4.g3 b6 5.Bg2 Bb7 6.O-O Be7 7.b3 a6 8.d4 cxd4
9.Qxd4 Nc6 10.Qf4 O-O 11.Rd1 Na7 12.a4 d6 13.Ng5 Bxg2 14.Kxg2 b5 15.axb5 axb5
16.Be3 bxc4 17.Bxa7 Nd5 18.Nxd5 Bxg5 19.Qxc4 exd5 20.Qxd5 Qe7 21.Bd4 Rxa1
22.Rxa1 Qe6 23.Qf3 d5 24.Ra5 Rd8 25.Qd3 Be7 26.Ra6 Qe4+ 27.Qxe4 dxe4 28.e3 Rb8
29.Rb6 Rxb6 30.Bxb6 f5 31.Ba5 Kf7 32.Bc3 g5 33.Kf1 Ke6 34.Ke2 Kd5 35.Kd1 Kc5
36.Bg7 Kb5 37.h3 g4 38.h4 h5 39.Kc2 Bb4 40.Bc3 Be7  1/2-1/2

[Event "SWE-ch"]
[Site "SWE"]
[Date "1991.??.??"]
[Round "9"]
[White "Engqvist, Thomas"]
[Black "Schneider, Lars Ake"]
[Result "1-0"]
[WhiteElo "2355"]
[BlackElo "2445"]

1.Nf3 Nf6 2.c4 e6 3.Nc3 c5 4.d4 cxd4 5.Nxd4 Nc6 6.Ndb5 d5 7.Bf4 e5 8.cxd5 exf4
9.dxc6 bxc6 10.Qxd8+ Kxd8 11.Rd1+ Bd7 12.Nd6 Kc7 13.Nxf7 Rg8 14.Ne5 Rb8 15.Nxd7 Nxd7
16.g3 Rxb2 17.Bh3 Nc5 18.O-O Bd6 19.Rc1 g5 20.Rfd1 Rd8 21.Bg2 h6 22.Na4 Nxa4
23.Rxc6+ Kb8 24.Rcxd6 Rxd6 25.Rxd6 Nc3 26.Bf3 Nxe2+ 27.Bxe2 Rxe2 28.g4 Rxa2
29.Rxh6 Rc2 30.Rh5 Rc5 31.Kg2 Kc7 32.h4 a5 33.hxg5 Kd6 34.Rh6+ Ke5 35.Ra6 Ke4
36.g6 Rg5 37.f3+ Kd4 38.Re6 Kd5 39.Ra6 Kd4 40.Kf2 Rc5 41.g7 Rg5 42.Rxa5 Rxg7
43.Ra4+ Ke5  1-0

[Event "Sydney Mercantile"]
[Site "Sydney"]
[Date "1991.??.??"]
[Round "2"]
[White "Gedevanishvili, Dmitry"]
[Black "West, Guy"]
[Result "1-0"]
[WhiteElo "2400"]
[BlackElo "2445"]

1.c4 c5 2.Nf3 Nf6 3.Nc3 e6 4.e4 Nc6 5.d4 cxd4 6.Nxd4 Bb4 7.Nxc6 dxc6 8.Qxd8+ Kxd8
9.Bd2 e5 10.O-O-O Ke7 11.Bd3 Bc5 12.f3 Be6 13.Na4 Bd6 14.c5 Bc7 15.b3 b5
16.cxb6 axb6 17.Kb1 Nd7 18.Rc1 b5 19.Rxc6 bxa4 20.Rxc7 axb3 21.a3 Kf6 22.Bb4 g5
23.Rhc1 Kg6 24.Bb5 Nf6 25.Bc4 Rhe8 26.Kb2 Rad8 27.Bxe6 Rxe6 28.R1c6 g4 29.a4 Rd1
30.Rxe6 fxe6 31.Kxb3 Rb1+ 32.Kc4 Rb2 33.a5 Rxg2 34.fxg4 Rxg4 35.Kb5 Rxe4
36.Rc4 Re2 37.a6 Ra2 38.Ba5 Nd5 39.a7 Rb2+ 40.Ka6  1-0

[Event "Tel Aviv-B"]
[Site "Tel Aviv"]
[Date "1991.??.??"]
[Round "6"]
[White "Tsesarsky, Ilya"]
[Black "Andrianov, Nikolai"]
[Result "1/2-1/2"]
[WhiteElo "2440"]
[BlackElo "2445"]

1.Nf3 Nf6 2.c4 c5 3.Nc3 e6 4.g3 b6 5.Bg2 Bb7 6.O-O Be7 7.d4 cxd4 8.Qxd4 d6
9.b3 Nbd7 10.Nb5 d5 11.cxd5 Bxd5 12.Bf4 O-O 13.Rac1 Bc5 14.Qa1 Qe7 15.Nc7 Bxf3
16.Bxf3 Rad8 17.Na6 Bd6 18.Bxd6 Qxd6 19.Rfd1 Qa3 20.Nc7 Nc5 21.Nb5 Qa6 22.Nd6 Nd5
23.Bxd5 Rxd6 24.Bf3 Rxd1+ 25.Rxd1 Qa3 26.Qb1 a5 27.Qc2 Na6 28.Qc6 Qxa2 29.Qxb6 Nb4
30.Qe3  1/2-1/2

[Event "Tel Aviv"]
[Site "Tel Aviv"]
[Date "1991.??.??"]
[Round "6"]
[White "Greenfeld, Alon"]
[Black "Gruenfeld, Yehuda"]
[Result "0-1"]
[WhiteElo "2520"]
[BlackElo "2505"]

1.Nf3 Nf6 2.c4 c5 3.Nc3 e6 4.g3 Nc6 5.Bg2 d5 6.cxd5 Nxd5 7.O-O Be7 8.d4 O-O
9.e4 Ndb4 10.a3 cxd4 11.Nb5 Qb6 12.Nbxd4 e5 13.Nxc6 Nxc6 14.b4 Be6 15.Be3 Qa6
16.Qb1 Bc4 17.Rd1 Rfd8 18.Bf1 Rxd1 19.Qxd1 Rd8 20.Qb1 Bxf1 21.Qxf1 Qa4 22.Kg2 a6
23.Qc4 Qb5 24.Rc1 Qxc4 25.Rxc4 Rd3 26.a4 Rb3 27.Bc5 Kf8 28.b5 axb5 29.axb5 Rxb5
30.Be3 f6 31.Nd2 Kf7 32.Rc2 Nd8 33.Rc8 Ne6 34.Nc4 Rb4 35.Nb6 Rxe4 36.Rb8 Nc5
37.Kf3 Rb4 38.Nd5 Rb3 39.Nxe7 Kxe7 40.Ke2 Ne6 41.Kd2 Nd8 42.h4 h5 43.Kc2 Rb5
44.Kd3 Kd7 45.Ra8 Rd5+ 46.Kc4 Rd6 47.Ra5 Ke6 48.Ra8 Rd7 49.Bb6 Nf7 50.Re8+ Kf5
51.Bc5 Nd6+  0-1

[Event "Tel Aviv-B"]
[Site "Tel Aviv"]
[Date "1991.??.??"]
[Round "9"]
[White "Tsesarsky, Ilya"]
[Black "Zilberman, Yaacov"]
[Result "1/2-1/2"]
[WhiteElo "2440"]
[BlackElo "2425"]

1.Nf3 Nf6 2.c4 c5 3.Nc3 g6 4.d4 cxd4 5.Nxd4 Nc6 6.e4 d6 7.f3 Nxd4 8.Qxd4 Bg7
9.Be3 O-O 10.Qd2 Be6 11.Rc1 Qa5 12.Nd5 Qxa2 13.Nxe7+ Kh8 14.Be2  1/2-1/2

[Event "Teteven op"]
[Site "Teteven"]
[Date "1991.??.??"]
[Round "2"]
[White "Chuchelov, Vladimir"]
[Black "Radev, Nikolai"]
[Result "1-0"]
[WhiteElo "2420"]
[BlackElo "2355"]

1.Nf3 Nf6 2.c4 c5 3.Nc3 d5 4.cxd5 Nxd5 5.g3 Nc6 6.Bg2 g6 7.d3 Bg7 8.Bd2 O-O
9.h4 Bg4 10.Nh2 Be6 11.h5 c4 12.hxg6 fxg6 13.dxc4 Nxc3 14.Bxc3 Bxc3+ 15.bxc3 Qxd1+
16.Rxd1 Bxc4 17.Rd7 Rab8 18.O-O Bxa2 19.Ra1 Bc4 20.Bxc6 bxc6 21.Raxa7 Rb2
22.Rxe7 Rf7 23.Rxf7 Bxf7 24.Ng4 Kf8 25.e4 Rc2 26.Ne5 Bg8 27.Ra3 Re2 28.f3 Be6
29.Kf1 Rc2 30.g4 c5 31.f4 Ke7 32.Ra7+ Kd6 33.Ra6+ Ke7 34.f5 gxf5 35.gxf5 Bb3
36.f6+ Kd8 37.c4 Rxc4 38.Ra8+ Kc7 39.Nxc4 Bxc4+ 40.Kf2 Kd6 41.Re8  1-0

[Event "Torcy op-B"]
[Site "Torcy"]
[Date "1991.??.??"]
[Round "?"]
[White "Bibikoff, M."]
[Black "Delerme, Raymond"]
[Result "1/2-1/2"]
[WhiteElo "1960"]
[BlackElo "1800"]

1.Nf3 c5 2.c4 Nf6 3.Nc3 g6 4.g3 Bg7 5.Bg2 O-O 6.O-O Nc6 7.d4 cxd4 8.Nxd4 Nxd4
9.Qxd4 d6 10.Rd1 Qa5 11.Qd2 Qc5 12.Nd5 Nxd5 13.Qxd5 Qxd5 14.cxd5 Bd7 15.Bg5 f6
16.Be3 b6 17.Rac1 Rac8 18.b3 Rxc1 19.Rxc1 Rc8 20.Kf1 Rxc1+ 21.Bxc1 f5 22.Ke1 Kf7
23.Kd2 Bb5 24.a4 Ba6 25.Bf3 Bd4 26.e3 Bg7 27.Be2 Bb7 28.Bf3 Ba6 29.Be2 Bb7
30.Bc4 Bc8 31.Kd3 Ba1 32.Ba3 Kf6 33.Bb4 Kg5 34.f3 Bb2 35.a5 h5 36.h4+ Kh6
37.axb6 axb6 38.Bb5 Kg7 39.Bd2 Kf7 40.Bb4 Kf8 41.Be1 e6 42.dxe6 Bxe6 43.Bc3 Ba3
44.b4 Bb3 45.Bd2 Bb2 46.Bc3 Ba3 47.Bd2 Bb2 48.e4 fxe4+ 49.Kxe4 d5+ 50.Kd3 d4
51.Bf4 Bc3 52.Bd6+ Kf7 53.Bc4+ Bxc4+ 54.Kxc4 Ke6 55.Bf8 b5+ 56.Kd3 Kd5 57.g4 Ke6  1/2-1/2

[Event "Torcy op"]
[Site "Torcy"]
[Date "1991.??.??"]
[Round "?"]
[White "Petursson, Margeir"]
[Black "Pira, Davoud"]
[Result "1-0"]
[WhiteElo "2515"]
[BlackElo "2345"]

1.c4 c5 2.Nf3 Nf6 3.Nc3 e6 4.g3 b6 5.Bg2 Bb7 6.O-O d6 7.b3 Nbd7 8.Bb2 a6
9.e3 Be7 10.d4 cxd4 11.Nxd4 Bxg2 12.Kxg2 Qc7 13.f4 O-O 14.Qf3 Rfe8 15.g4 g6
16.Rad1 Rac8 17.g5 Nh5 18.Ne4 Bf8 19.Rd2 Nc5 20.Nf2 f5 21.gxf6 Nxf6 22.Ne2 Qf7
23.Ng3 b5 24.cxb5 axb5 25.Bxf6 Qxf6 26.Nge4 Nxe4 27.Nxe4 Qf5 28.Nxd6 Bxd6
29.Rxd6 Rc2+ 30.Rf2 Rxf2+ 31.Kxf2 Qc2+ 32.Kg3 Qb1 33.Qe2 Rc8 34.Rd1 Qf5 35.Qd3 Qxd3
36.Rxd3 Rc2 37.a3 Ra2 38.b4 Kf7 39.Rd7+ Kf6 40.Ra7 h6 41.Ra5 g5 42.h3 Ra1
43.fxg5+ hxg5 44.Kf3 Ra2 45.Ke4 Ra1 46.Kd4 Rd1+ 47.Kc3 Re1 48.Kd3 Rd1+ 49.Kc2 Ra1
50.Kb2 Rh1 51.Rxb5 Rxh3 52.Rb8 Kf7 53.b5 g4 54.Rc8 Rh6 55.a4 g3 56.Rc1 Ke7
57.b6 g2 58.b7 Rh8 59.a5 Kd7 60.a6 g1=Q 61.Rxg1 Kc7 62.Rc1+  1-0

[Event "Torcy op"]
[Site "Torcy"]
[Date "1991.??.??"]
[Round "?"]
[White "Spiridonov, Nikola"]
[Black "Sokolov, Andrei"]
[Result "1/2-1/2"]
[WhiteElo "2400"]
[BlackElo "2550"]

1.Nf3 c5 2.c4 Nf6 3.Nc3 b6 4.g3 Bb7 5.Bg2 e6 6.O-O Be7 7.d4 cxd4 8.Qxd4 O-O
9.Rd1 Nc6 10.Qf4 Rc8 11.e4 Nb8 12.e5 Ne8 13.b3 f6 14.exf6 Nxf6 15.Nd4 Bxg2
16.Kxg2 Qe8 17.f3 Nd5 18.Qd2 Nxc3 19.Qxc3  1/2-1/2

[Event "Tuzla"]
[Site "Tuzla"]
[Date "1991.??.??"]
[Round "4"]
[White "Nutu Gajic, Dana"]
[Black "Sinanovic, Muhamed"]
[Result "1-0"]
[WhiteElo "2310"]
[BlackElo "2435"]

1.Nf3 c5 2.c4 Nf6 3.Nc3 d5 4.cxd5 Nxd5 5.g3 Nc7 6.Bg2 Nc6 7.d3 e5 8.O-O Be7
9.Be3 O-O 10.Rc1 f6 11.a3 b6 12.Nd2 Bd7 13.b4 cxb4 14.Nd5 Rc8 15.Rxc6 Bxc6
16.Nxe7+ Qxe7 17.Bxc6 bxa3 18.Qa4 Ne6 19.Bd5 Rc7 20.Qb3 Re8 21.Nb1 Kh8 22.Nxa3 Nc5
23.Qb4 Qd7 24.Bc4 Rec8 25.Nb5 Rc6 26.Nc3 Qh3 27.Bd5 Nxd3 28.exd3 Rxc3 29.Bc4 Rc2
30.Qb3 R2xc4 31.dxc4 f5 32.f4 e4 33.Qa4 h5 34.Bd4 Rd8 35.Rd1 Kh7 36.Bf2 Rxd1+
37.Qxd1 Kg6 38.Qe2 Kh6 39.Be1 h4 40.gxh4 Qb3 41.Bf2 Qc3 42.Kg2 Kg6 43.h5+ Kh7
44.Be3 Kh6 45.Kf2 Kh7 46.Qa2 a5 47.Qb1 Qxc4 48.Qxb6 Qa2+ 49.Kg3  1-0

[Event "Tuzla"]
[Site "Tuzla"]
[Date "1991.??.??"]
[Round "6"]
[White "Panzalovic, Srdjan"]
[Black "Sinanovic, Muhamed"]
[Result "1-0"]
[WhiteElo "2410"]
[BlackElo "2435"]

1.Nf3 c5 2.c4 Nf6 3.Nc3 d5 4.cxd5 Nxd5 5.d4 e6 6.e3 cxd4 7.exd4 Be7 8.Bc4 O-O
9.O-O Nc6 10.Re1 Nxc3 11.bxc3 b6 12.Bb3 Bb7 13.Qd3 Rc8 14.Bc2 g6 15.Bh6 Re8
16.Qe3 Na5 17.Rac1 Ba3 18.Rcd1 Nc4 19.Qf4 Qc7 20.Qf6 Bf8 21.Bxf8 Rxf8 22.Ng5 Qd8
23.Qf4 Kg7 24.h4 h6 25.Nh3 Qf6 26.Qg3 Kh8 27.Nf4 Bd5 28.h5 g5 29.Nxd5 exd5
30.Qd3 Qg7 31.Qf5 Na3 32.Bd3 Rxc3 33.Qxd5 Nc2 34.Re7 Nb4 35.Qf5 Nxd3 36.Rxd3 Rxd3
37.Qxd3 a5 38.d5 Qf6 39.Re1 Rd8 40.g3 Kg7 41.a4 Rd6 42.Kg2 Qb2 43.Re4 Qf6
44.Re2 Qa1 45.Re4 Qf6 46.Re3 Qa1 47.Qe4 Rf6 48.Rd3 Qb2 49.Qe3 Rd6 50.Rd4 Qa2
51.Qc3 Kh7 52.Rc4 Rd7 53.Qd3+ Kg7 54.Qd4+ f6 55.Qe4  1-0

[Event "USA-ch (Women)"]
[Site "USA"]
[Date "1991.??.??"]
[Round "?"]
[White "Ruggiero, Pamela"]
[Black "Wieckiewicz, Krystina"]
[Result "1-0"]
[WhiteElo "2135"]
[BlackElo "2050"]

1.c4 Nf6 2.Nf3 c5 3.Nc3 d5 4.cxd5 Nxd5 5.e4 Nc7 6.d4 cxd4 7.Qxd4 Qxd4 8.Nxd4 e5
9.Ndb5 Nba6 10.Be3 b6 11.O-O-O Bd7 12.Nd6+ Bxd6 13.Rxd6 Ke7 14.Rd2 Rac8 15.Kb1 Rhd8
16.Be2 Nb4 17.a3 Nc6 18.Rc1 Ne6 19.Nd5+ Ke8 20.Ba6 Rb8 21.Rdc2 Ned4 22.Bxd4 Nxd4
23.Rc7 Be6 24.Rxa7 Rd7 25.Rcc7 b5 26.Bc8 Rxc7 27.Nxc7+ Kf8 28.Nxe6+ Nxe6
29.Bxe6 fxe6 30.Rc7 b4 31.a4 b3 32.f3 Ra8 33.Rc4 Rd8 34.Kc1 Ke7 35.a5 Rd6
36.Rc3 Ra6 37.Rxb3 Rxa5 38.Ra3 Rc5+ 39.Kd2 Rb5 40.Kc2 Rc5+ 41.Rc3 Ra5 42.Rc7+ Kf6
43.b4 Ra2+ 44.Kb3 Rxg2 45.Rc2 Rg1 46.b5 Ke7 47.Kb4 Kd7 48.b6 h5 49.Kb5 g5
50.b7 Rb1+ 51.Ka6 Ra1+ 52.Kb6 Rb1+ 53.Ka7 Ra1+ 54.Kb8 Rb1 55.Rc7+ Kd6 56.Kc8  1-0